000 00619nam a2200205 4500
001 109660
003 ES-MaACL
007 t|
008 061121s19401949sp r ||||1| spa d
100 1 _aMoberg, Vilhelm.
_981734
245 1 0 _aDirector de banco /
_cpor Vilhelm Moberg; [Traducción de Elvira de Yuste y Enrique Yuste].
260 _aMadrid :
_bLa Nave,
_c[194_?]
300 _a412 p. ;
_c16 cm.
490 1 _aLa Nave ;
_vB.93
700 1 _aYuste, Elvira de.
_9117756
700 1 _aYuste, Enrique.
_9117757
830 0 _aLa Nave ;
_vB.93
_9182879
852 _aES-MaACL
_jG-13220
_bR.26035
999 _c109660
_d109660